00219 a2200109 4500001000700000020000600007040001100013100002100024240003000045245002500075362000900100170643 a  cMagnum aVilarrubias, Pia10a! Juguemos a volar !lESP10a! Juguemos a volar !0 a1899